Loading...
| History - European | 0 | 3 | 0 | 1 | 30 | 32 | 70.33 | 0 | 1 | 7.46 | 12.13 |
| Literature - American | 0 | 2 | 0 | 0 | 20 | 36 | 48.00 | 0 | 1 | 9.65 | 12.18 |
| Geography | 0 | 2 | 0 | 0 | 20 | 106 | 108.00 | 0 | 0 | 0.00 | 6.73 |
| History - American | 0 | 2 | 0 | 1 | 20 | 71 | 77.50 | 0 | 0 | 4.70 | 9.03 |
| Religion | 0 | 2 | 0 | 0 | 20 | 28 | 44.00 | 0 | 1 | 9.48 | 11.11 |
| History - World | 0 | 2 | 0 | 1 | 20 | 72 | 87.00 | 0 | 0 | 2.83 | 4.06 |
| Social Science | 0 | 1 | 0 | 1 | 10 | 94 | 94.00 | 0 | 0 | 1.62 | 3.70 |
| Literature - European | 0 | 1 | 0 | 0 | 10 | 35 | 35.00 | 0 | 1 | 6.04 | 6.41 |
| Philosophy | 0 | 1 | 0 | 0 | 10 | 110 | 110.00 | 0 | 0 | 0.00 | 2.56 |
| Popular Culture | 0 | 1 | 0 | 1 | 10 | 73 | 73.00 | 0 | 1 | 5.30 | 9.52 |
| Fine Arts - Other | 0 | 1 | 0 | 0 | 10 | 63 | 63.00 | 0 | 1 | 3.73 | 6.94 |
| Science - Biology | 0 | 1 | 0 | 0 | 10 | 55 | 55.00 | 0 | 1 | 3.93 | 6.94 |
| History - Other | 0 | 0 | 1 | 0 | -5 | 0.00 | 0 | 0 | 0.00 | 0.00 |